000 00493nam a22001577a 4500
008 140124b xxu||||| |||| 00| 0 eng d
020 _a340109955
050 _aSPC DT963.8.H3 1969
100 _aHall, Richard Seymour
_97094
245 _aThe High price of principles
_bKaunda and the White South
260 _aLondon
_bHodder & Stoughton
_c1969
300 _a256p.
_c22cm
650 _aNationalism - Africa, Sub-Saharan
_97095
650 _aZambia - Politics
_97096
942 _2lcc
_cMONOGRAPH
999 _c119702
_d119702